01453nam a2200265 a 450000100100000000500170001000800410002704000250006808200200009310000340011324501400014726000410028730000200032850000630034865000280041165000310043970000370047070000290050795201320053695201320066895201320080095201170093295201230104999900150117200000993820240412074214.0091002s2005 dr r 000 p spa d aDO-SdBNPbspacBNPHU aRD861.44bD277c1 aDíaz, José,d1955-92487010aConversatorio romántico con la nieve y otros entornos /cJosé Díaz ; prólogo Victor Villegas ; presentación Carlos Jiménez. aSanto Domingo :bFormación,c2005. a60 p. ;c22 cm. aIncluye datos biográficos del autor en la contracubierta 0aPoesía dominicana966 0aLiteratura dominicana.9671 aVillegas, Victor,epról.977441 aJiménez, Carlos924871 001054708DSaGRbGRcHDd2009-10-02iLF1l0oRD861.44 D277cp9938-30r2020-06-25te. 3w2020-06-25yLFDSZPréstamo en sala 001054708DSaGRbGRcHDd2010-02-02iLF1l0oRD861.44 D277cp9938-40r2020-06-25te. 4w2020-06-25yLFDSZPréstamo en sala 001054708DSaGRbGRcHDd2010-02-02iLF1l0oRD861.44 D277cp9938-50r2020-06-25te. 5w2020-06-25yLFDSZPréstamo en sala 0010718PDaPDbPDcHDd2009-10-02iLF1l0oRD861.44 D277cp9938-10r2020-06-25w2020-06-25yLFPDZNo se presta 0010718PDaPDbPDcHDd2009-10-02iLF1l0oRD861.44 D277cp9938-20r2020-06-25te. 2w2020-06-25yLFPDZNo se presta c9697d9697